Dějiny Evropy Evropa devatenáctého století

Guardado en:
Detalles Bibliográficos
Autor principal: Rapport, Michael
Formato: Libro
Lenguaje:checo
Publicado: Praha Vyšehrad 2011
Materias:
Etiquetas: Agregar Etiqueta
Sin Etiquetas, Sea el primero en etiquetar este registro!

MARC

LEADER 00000nam a2200000 4500
001 0145093
005 20230109114445.5
020 |a 978-80-7429-061-9 
041 0 |a cze 
044 |a CZ 
245 1 0 |a Dějiny Evropy  |b Evropa devatenáctého století  |c Michael Rapport 
264 1 |a Praha  |b Vyšehrad  |c 2011 
300 |a 436 s. 
610 2 0 |a dejiny 
610 2 0 |a história 
610 2 0 |a Európa 
610 2 0 |a politika 
610 2 0 |a vývoj hospodársky 
610 2 0 |a vývoj politický 
610 2 0 |a vývoj spoločenský 
100 1 |a Rapport, Michael